000 00556nam a22001817a 4500
005 20251108175031.0
008 250721s2012 xx 000 0 ara d
082 1 4 _a760/قلب
100 1 _aابو قلبين، سهيلة وليد
245 1 0 _aتاريخ التصميم الجرافيكي: لمحة تاريخية /
246 1 1 _aHistory of graphic design
264 1 _aعمان :
_bالمؤلف،
_c2012.
300 _a147ص.
650 1 7 _aالتصميم التصويري
650 1 7 _aالتخطيطات
942 _2ddc
_cBK
999 _c124488
_d124488